何ど? 後編 - Statistics

General Stats
  • This quiz has been taken 106 times
  • The average score is 3 of 15
Answer Stats
Hint Answer % Correct
原子番号89から103の一連の放射性元素。 アクチノイド
65%
ニュージーランド最大の都市。首都ではない。 オークランド
55%
20世紀前半の戦艦の典型的なタイプ。イギリス海軍の戦艦「ドレッドノート」が由来。〇級戦艦。
51%
「小惑星」を英語で。 アステロイド
45%
米国の第22代と第24代の大統領。グローバー・〇〇〇〇〇〇〇。 クリーブランド
24%
キリスト教の教会の入り口から祭壇につながる中央通路。 バージンロード
13%
JR東海身延線の駅名。隣の駅は市ノ瀬と甲斐岩間。 久那土
10%
信州と飛騨を結んだ鎌倉街道の湯の郷。この先の区間は自然保護で通年マイカー規制があり大規模な駐車場が整備されている。ひらがな4文字。 さわんど
9%
雇用人を雇わずに家族の労働力と自己所有の生産手段によって農業を営む小農経営。 小農制度
2%
ラテン・アメリカの大農場を所有・経営する大地主。 アセンダード
1%
南極にある地域の名称。ノルウェーが領有権を主張している。 クイーンモードランド
1%
パキスタンのイスラム過激派。 ジャイシェムハマド
0%
マサチューセッツ州南東部にあるバザーズ湾に面する港町。 ニューベッドフォード
0%
資産が特定のリストの株である投資信託。 インデックスファンド
0%
英国の詩人で文芸批評家。 マシューアーノルド
0%
No matching quizzes found
Score Distribution
Percent of People with Each Score
Percentile by Number Answered
Your Score History
You have not taken this quiz